Professional management of housekeeping operations. (Record no. 15971)
[ view plain ]
| 000 -LEADER | |
|---|---|
| fixed length control field | 00524nam a22001697a 4500 |
| 003 - CONTROL NUMBER IDENTIFIER | |
| control field | OSt |
| 005 - DATE AND TIME OF LATEST TRANSACTION | |
| control field | 20161116113622.0 |
| 008 - FIXED-LENGTH DATA ELEMENTS--GENERAL INFORMATION | |
| fixed length control field | 130213t xxu||||| |||| 00| 0 eng d |
| 020 ## - INTERNATIONAL STANDARD BOOK NUMBER | |
| International Standard Book Number | 9812532781 |
| 050 ## - LIBRARY OF CONGRESS CALL NUMBER | |
| Classification number | TX 928 |
| Item number | .M37 2007 |
| 245 ## - TITLE STATEMENT | |
| Title | Professional management of housekeeping operations. |
| Statement of responsibility, etc | Thomas J.A. Jones. |
| 260 ## - PUBLICATION, DISTRIBUTION, ETC. (IMPRINT) | |
| Place of publication, distribution, etc | Hoboken, N.J. : |
| Name of publisher, distributor, etc | John Wiley & Sons, |
| Date of publication, distribution, etc | 2007. |
| 300 ## - PHYSICAL DESCRIPTION | |
| Extent | 477 pages : |
| Dimensions | 25 cm. |
| Other physical details | illustrations ; |
| 500 ## - GENERAL NOTE | |
| General note | Includes appendix, glossary and index. |
| 942 ## - ADDED ENTRY ELEMENTS (KOHA) | |
| Source of classification or shelving scheme | Library of Congress Classification |
| Koha item type | Books |
| Call number prefix | Foreign |
| Withdrawn status | Lost status | Source of classification or shelving scheme | Damaged status | Home library | Current library | Shelving location | Date acquired | Total Checkouts | Full call number | Barcode | Date last seen | Copy number | Price effective from | Koha item type | Source of acquisition | Total Renewals | Date checked out |
|---|---|---|---|---|---|---|---|---|---|---|---|---|---|---|---|---|---|
| Library of Congress Classification | College Library | College Library | General Circulation Section | 02/13/2013 | TX 928 .M37 2007 | C14452 | 05/15/2018 | 1 | 02/13/2013 | Books | |||||||
| Library of Congress Classification | College Library | College Library | General Circulation Section | 11/16/2016 | 1 | TX 928 .M37 2007 | C20791 | 05/08/2018 | 11/16/2016 | Books | Donation | 2 | 04/21/2018 |